Statistics for Flightless Birds

Click here to take the quiz!

General Stats

  • This quiz has been taken 241 times
  • The average score is 8 of 16

Answer Stats

HintAnswer% Correct
Africa 9 ft.Ostrich
97%
Australia 6 ft.Emu
93%
Mauritius (extinct c. 1690) 3 ft.Dodo
88%
New Zealand 10-18 in.Kiwi
84%
Southern Hemisphere, esp. Antarctica 2-4 ft.Penguin
83%
South America 5 ft.Rhea
60%
NE Australia, New Gunea 6 ft.Cassowary
56%
New Zealand (extinct probably 1400) 12 ft.Moa
54%
New Zealand 24 in.Kakapo
38%
North Atlantic (extinct c.1852) 30 in.Great Auk
34%
Madagascar (extinct perhaps 1000 ya) 10+ ft.Elephant Bird
30%
Galapagos IslandsFlightless Cormorant
20%
New Zealand 25 in.Takahē
17%
South America (extinct) 3-10 ft.Terror Bird
16%
New Zealand 20 in.Weka
14%
Coastal Patagonia 31 in.Steamer Duck
11%

Score Distribution

Percentile by Number Answered

Percent of People with Each Score

Your Score History

You have not taken this quiz